[Event "UKR-ch U20 Girls"]
[Site "Kharkov"]
[Date "1999.??.??"]
[Round "?"]
[White "Grigorian, L."]
[Black "Dolzhikova, Olga"]
[Result "1-0"]
[WhiteElo "2125"]
[BlackElo "2213"]
[PlyCount "81"]
[EventDate "1999.06.15"]
[EventType "tourn"]
[EventRounds "9"]
[EventCountry "UKR"]
[SourceTitle "EXT 2002"]
[Source "ChessBase"]
[SourceDate "2001.11.25"]
[SourceVersion "1"]
[SourceVersionDate "2001.11.25"]
[SourceQuality "1"]

1. d4 Nf6 2. Nf3 g6 3. g3 Bg7 4. Bg2 0-0 5. c4 d6 6. Nc3 c6 7. 0-0 Qa5 8. e4 e5 9. d5 cxd5 10. cxd5 b5 11. Nd2 b4 12. Ne2 Ba6 13. Re1 Nbd7 14. Nb3 Qa4 15. Be3 Rfc8 16. h3 Nb6 17. a3 Bc4 18. Nec1 Nfd7 19. axb4 Qxb4 20. Bd2 Qb5 21. Ra5 Bxb3 22. Nxb3 Qc4 23. Bf1 Qc7 24. Ba6 Nc4 25. Rb5 Rab8 26. Rxb8 Rxb8 27. Qc2 Rxb3 28. Bxc4 Rb8 29. Rc1 Qb6 30. b4 Rc8 31. Qa4 Rc7 32. Be3 Qb8 33. Ba6 Nb6 34. Qb5 Rxc1+ 35. Bxc1 Bf6 36. Qc6 Kg7 37. Kg2 Bd8 38. f4 f6 39. fxe5 fxe5 40. Qe8 Bc7 41. Qe7+ 1-0

[Event "UKR-ch U20 Girls"]
[Site "Kharkov"]
[Date "1999.??.??"]
[Round "?"]
[White "Grigorian, L."]
[Black "Gritsayeva, Oksana"]
[Result "1/2-1/2"]
[WhiteElo "2125"]
[BlackElo "2200"]
[PlyCount "161"]
[EventDate "1999.06.15"]
[EventType "tourn"]
[EventRounds "9"]
[EventCountry "UKR"]
[SourceTitle "EXT 2002"]
[Source "ChessBase"]
[SourceDate "2001.11.25"]
[SourceVersion "1"]
[SourceVersionDate "2001.11.25"]
[SourceQuality "1"]

1. d4 Nf6 2. Nf3 g6 3. g3 Bg7 4. Bg2 0-0 5. c4 d5 6. Nc3 Nc6 7. cxd5 Nxd5 8. 0-0 Nb6 9. d5 Na5 10. e4 c6 11. Bg5 h6 12. Be3 Nac4 13. Qc1 Nxe3 14. Qxe3 cxd5 15. exd5 Nxd5 16. Nxd5 Qxd5 17. Qxe7 Bxb2 18. Rab1 Bg7 19. Nh4 Qd8 20. Qa3 g5 21. Nf3 a6 22. Rfd1 Qf6 23. Nd2 Rb8 24. Ne4 Qg6 25. Rd6 Be6 26. Rdb6 Rfd8 27. Qa5 Qf5 28. Qxf5 Bxf5 29. Rc1 Rbc8 30. Rxc8 Rxc8 31. h3 Rc2 32. Rxb7 Rxa2 33. Rb8+ Kh7 34. Rd8 a5 35. Nc5 a4 36. Bd5 Rd2 37. Nxa4 Bd4 38. g4 Bg6 39. Rd7 Kg7 40. Bc6 Bxf2+ 41. Kh2 Bd4+ 42. Kg3 Be5+ 43. Kf3 Rh2 44. Nb6 Rxh3+ 45. Kf2 Rc3 46. Bb7 Rc7 47. Rxc7 Bxc7 48. Nd5 Be5 49. Ne7 Bc2 50. Bf3 Kf6 51. Nd5+ Ke6 52. Ke2 Bd4 53. Nb4 Ba4 54. Bd5+ Kf6 55. Nc6 Bb5+ 56. Kf3 Bb6 57. Ke4 Ba4 58. Kf3 Bd1+ 59. Kg3 Bc7+ 60. Kh3 Be2 61. Nd4 Bf1+ 62. Bg2 Bxg2+ 63. Kxg2 Bb6 64. Nf5 h5 65. Kh3 Bc7 66. Ne3 Bf4 67. Nf5 Ke5 68. Nh6 f6 69. Nf5 Ke4 70. Ng7 Kf3 71. Nxh5 f5 72. gxf5 Be5 73. f6 Bd6 74. Ng7 g4+ 75. Kh4 g3 76. Ne6 g2 77. Ng5+ Kf4 78. Nh3+ Kf5 79. f7 Kg6 80. f8Q Bxf8 81. Kg3 1/2-1/2

[Event "Budapest Spring op 13th"]
[Site "Budapest"]
[Date "1997.??.??"]
[Round "9"]
[White "Chetverik, Maxim"]
[Black "Grigorian, L."]
[Result "1/2-1/2"]
[WhiteElo "2380"]
[BlackElo "2030"]
[PlyCount "102"]
[EventDate "1997.03.??"]
[EventType "swiss"]
[EventRounds "9"]
[EventCountry "HUN"]
[SourceTitle "EXT 1998"]
[Source "ChessBase"]
[SourceDate "1997.11.17"]
[SourceVersion "1"]
[SourceVersionDate "1997.11.17"]
[SourceQuality "1"]

1. d4 Nf6 2. Nf3 g6 3. c4 Bg7 4. g3 0-0 5. Bg2 c6 6. Nc3 d5 7. cxd5 cxd5 8. Ne5 e6 9. Bg5 Qb6 10. Qd2 Nfd7 11. Nf3 Nc6 12. Rd1 Nf6 13. Bxf6 Bxf6 14. g4 Rd8 15. h4 Na5 16. b3 Bd7 17. h5 Rac8 18. hxg6 hxg6 19. Qf4 Bg7 20. Ne5 Be8 21. Rd3 Nc6 22. Nxc6 Rxc6 23. Kf1 Rdc8 24. Rhh3 Qc7 25. Qg5 Qa5 26. Qe3 b5 27. Bxd5 exd5 28. Nxd5 Rc1+ 29. Kg2 Bc6 30. Qf3 Qd8 31. e4 Bxd5 32. exd5 b4 33. Qe4 R1c3 34. Rde3 Rxe3 35. fxe3 Qa5 36. Rf3 Qxa2+ 37. Kh3 Qxb3 38. Rxf7 Rf8 39. Rxg7+ Kxg7 40. Qe5+ Kf7 41. Qe6+ Kg7 42. Qe5+ Kg8 43. Qe6+ Rf7 44. Qxg6+ Kf8 45. Qh6+ Ke8 46. Qe6+ Re7 47. Qg6+ Kf8 48. Qf6+ Ke8 49. Qg6+ Rf7 50. Qe6+ Kf8 51. Qh6+ Ke8 1/2-1/2